Catálogo
 En Linea
Vista normal Vista MARC

Entrada Término temático

Número de registros utilizados en: 1

001 - NÚMERO DE CONTROL

  • campo de control: 82360

003 - IDENTIFICADOR DEL NÚMERO DE CONTROL

  • campo de control: DO-SdBNP

005 - FECHA Y HORA DE LA ÚLTIMA TRANSACCIÓN

  • campo de control: 20250912105409.0

008 - DATOS DE LONGITUD FIJA

  • campo de control de longitud fija: 220914|| aca||aabn | a|a d

010 ## - NÚMERO DE CONTROL DE LA BIBLIOTECA DEL CONGRESO

  • Número de control de LC: sh2003003690

040 ## - FUENTE DE LA CATALOGACIÓN

  • Centro catalogador/agencia de origen: DO-SdBNP
  • Lengua de catalogación: spa
  • Centro/agencia transcriptor: BNPHU
  • Normas de descripción: rda

180 ## - ENCABEZAMIENTO--SUBDIVISIÓN GENERAL

  • Subdivisión general: Estadística

480 ## - TRAZADO DE VÉASE--SUBDIVISIÓN GENERAL

  • Subdivisión general: Estadísticas

480 0# - TRAZADO DE VÉASE--SUBDIVISIÓN GENERAL

  • Subdivisión general: Statistics

670 ## - FUENTE DE DATOS ENCONTRADOS

  • Cita de la fuente: Work cat.: (DO-SdBNP)37628: República Dominicana Secretariado Técnico de la Presidencia Oficina Nacional de Estadística 10866, República Dominicana en cifras 1971. /, 1971.

680 ## - NOTA GENERAL PÚBLICA

  • Texto explicativo: Usar como subdivisión temática bajo nombres de países, ciudades, regiones, etc.; también bajo entidades corporativas, clases de personas, grupos étnicos y encabezamientos temáticos para obras que consisten acerca de estadísticas en relación a esas materias

681 ## - NOTA DE EJEMPLO DE TRAZADO DE MATERIA

  • Texto explicativo: Referencia bajo el encabezamiento |a Estadística

780 0# - ENTRADA DE ENLACE DE SUBDIVISIÓN--SUBDIVISIÓN GENERAL

  • Subdivisión general: Statistics
  • Número de control del registro de autoridad o número normalizado: sh2003003690

Con tecnología Koha